000 00682nam a2200217 i 4500
001 57632
003 ES-MaACL
005 20230906163620.0
007 t|
008 031017s1957 sp ||||1| spa d
100 1 _aDollfus, W.
_945035
245 1 0 _aAeromodelismo
_b: (técnica de la contrucción y vuelo de aeromodelos) /
_cW. Dollfus, A. Degen ; [versión española de J. Gilbert].
260 _aBarcelona :
_bHispano :
_bEuropa,
_c[1957] (
_fImp. Moderna)
300 _a142 p. ;
_c20 cm.
490 1 _aHerakles
700 1 _aDegen, A.
_943216
700 1 _aGilbert, J.
_956915
830 0 _aHerakles
_9180867
852 _aES-MaACL
_jC-12896
_bR.40872
999 _c57632
_d57632